[Event "XI Paracin Festival 2018"]
[Site "Paracin"]
[Date "2018.07.09"]
[Round "4"]
[White "McPhillips, Joseph"]
[Black "Gomes, Mary Ann"]
[Result "0-1"]
[WhiteElo "2402"]
[BlackElo "2284"]
[Annotator "NA"]
[PlyCount "118"]
[EventDate "2018.07.06"]
[EventType "swiss"]
[EventCountry "SRB"]
[SourceTitle "playchess.com"]
[Source "ChessBase"]
[SourceQuality "1"]
[TimeControl "5400+30"]

1. e4 {[%emt 0:00:00]} c5 {[%emt 0:00:00]} 2. Nf3 {[%emt 0:00:00]} d6 {[%emt 0:00:00]} 3. d4 {[%emt 0:00:00]} cxd4 {[%emt 0:00:00]} 4. Nxd4 {[%emt 0:00:00]} Nf6 {[%emt 0:00:00]} 5. Nc3 {[%emt 0:00:00]} a6 {[%emt 0:00:04]} 6. Be3 {[%emt 0:00:00]} e5 {[%emt 0:00:05]} 7. Nb3 {[%emt 0:00:00]} Be6 {[%emt 0:00:07]} 8. f3 {[%emt 0:00:22]} Nbd7 {[%emt 0:00:07]} 9. Qd2 {[%emt 0:00:15]} b5 {[%emt 0:00:44] LiveBook: 717 Games} 10. O-O-O {[%emt 0:01:33]} Nb6 {[%emt 0:00:05]} 11. Qf2 {[%emt 0:01:28]} Nfd7 {[%emt 0:00:07]} 12. f4 {[%emt 0:06:10]} Rc8 {[%emt 0:08:04]} 13. f5 {[%emt 0:03:18]} Bc4 {[%emt 0:00:12]} 14. Bxc4 {[%emt 0:01:14]} Rxc4 $14 {[%emt 0:02:18]} 15. Qd2 {[%emt 0:05:07]} b4 {[%emt 0:11:05]} 16. Nd5 {[%emt 0:04:57]} Nxd5 {[%emt 0:00:09]} 17. Qxd5 {[%emt 0:00:20]} Qc8 {[%emt 0:00:06]} 18. Na5 {[%emt 0:17:40]} Rc7 {[%emt 0:04:09]} 19. Kb1 {[%emt 0:05:01]} Be7 {[%emt 0:00:07]} 20. g4 {[%emt 0:09:41]} h6 {[%emt 0:08:07]} 21. Qd3 {[%emt 0:12:49]} Nc5 {[%emt 0:05:41]} 22. Bxc5 {[%emt 0:01:08]} Rxc5 {[%emt 0:00:06]} 23. Nb3 {[%emt 0:00:09]} Rc6 {[%emt 0:08:02]} 24. h4 {[%emt 0:00:24]} Bd8 {[%emt 0:01:19]} 25. g5 {[%emt 0:01:48]} a5 {[%emt 0:00:50]} 26. Qb5 {[%emt 0:05:59]} Qa6 {[%emt 0:06:55]} 27. Qa4 {[%emt 0:02:12]} Ke7 {[%emt 0:12:11]} 28. f6+ {[%emt 0:00:48]} gxf6 {[%emt 0:00:12]} 29. gxf6+ {[%emt 0:00:03]} Kf8 {[%emt 0:00:38]} 30. Rd5 {[%emt 0:02:48]} Rg8 {[%emt 0:05:08]} 31. Nxa5 {[%emt 0:03:46]} Rc5 {[%emt 0:00:05]} 32. Qd7 {[%emt 0:03:57]} Bxf6 {[%emt 0:00:06]} 33. Rxd6 {[%emt 0:02:29]} Qe2 {[%emt 0:00:59]} 34. Rd2 {[%emt 0:03:47]} Qa6 {[%emt 0:13:33]} 35. Nb3 {[%emt 0:00:44]} Rc6 {[%emt 0:00:17]} 36. Qf5 {[%emt 0:01:24]} Qb6 {[%emt 0:09:29]} 37. Rf2 {[%emt 0:02:04]} Rg7 {[%emt 0:01:10]} 38. Nc1 {[%emt 0:01:09]} Qd4 {[%emt 0:01:52]} 39. Qf3 {[%emt 0:00:34]} Rg4 {[%emt 0:01:45]} 40. Rhf1 {[%emt 0:02:13]} Rf4 {[%emt 0:00:44]} 41. Qg2 {[%emt 0:00:58]} Rxf2 {[%emt 0:00:17]} 42. Rxf2 {[%emt 0:00:01]} Bxh4 {[%emt 0:00:10]} 43. Rd2 {[%emt 0:00:10]} Qe3 {[%emt 0:01:40]} 44. Re2 {[%emt 0:01:01]} Qd4 {[%emt 0:00:30]} 45. Rd2 {[%emt 0:00:26]} Qe3 {[%emt 0:00:31]} 46. Re2 {[%emt 0:00:02]} Qd4 {[%emt 0:00:35]} 47. Qh2 {[%emt 0:00:42]} Bg5 {[%emt 0:00:13]} 48. Nd3 {[%emt 0:00:02]} Qxd3 {[%emt 0:00:13]} 49. Re1 {[%emt 0:03:16]} Qd4 {[%emt 0:00:55]} 50. Rf1 {[%emt 0:00:30]} Qxe4 {[%emt 0:00:43]} 51. Qf2 {[%emt 0:00:19]} Rf6 {[%emt 0:00:49]} 52. Qc5+ {[%emt 0:00:15]} Kg7 {[%emt 0:00:16]} 53. Rd1 {[%emt 0:00:07]} Rc6 {[%emt 0:00:35]} 54. Qf2 {[%emt 0:00:15]} Qc4 {[%emt 0:00:15]} 55. Qf5 {[%emt 0:00:30]} e4 {[%emt 0:00:44]} 56. Qe5+ {[%emt 0:00:36]} Kg6 {[%emt 0:00:30]} 57. c3 {[%emt 0:00:40]} bxc3 {[%emt 0:00:11]} 58. Rd6+ {[%emt 0:00:05]} Rxd6 {[%emt 0:00:09]} 59. Qxe4+ {[%emt 0:00:04]} Qxe4+ {[%emt 0:00:08]} 0-1

[Event "XI Paracin Festival 2018"]
[Site "Paracin"]
[Date "2018.07.09"]
[Round "4"]
[White "Atakisi, Umut"]
[Black "Cvetkovic, Nemanja"]
[Result "1/2-1/2"]
[WhiteElo "2390"]
[BlackElo "2278"]
[Annotator "NA"]
[PlyCount "148"]
[EventDate "2018.07.06"]
[EventType "swiss"]
[EventCountry "SRB"]
[SourceTitle "playchess.com"]
[Source "ChessBase"]
[SourceQuality "1"]
[TimeControl "5400+30"]

1. e4 {[%emt 0:03:43]} Nf6 {[%emt 0:00:00]} 2. e5 {[%emt 0:00:06]} Nd5 {[%emt 0:00:00]} 3. d4 {[%emt 0:00:06]} d6 {[%emt 0:00:00]} 4. Nf3 {[%emt 0:00:05]} dxe5 {[%emt 0:00:12]} 5. Nxe5 {[%emt 0:00:04]} c6 {[%emt 0:00:19]} 6. Be2 {[%emt 0:00:22]} Bf5 {[%emt 0:01:01]} 7. O-O {[%emt 0:00:20]} Nd7 {[%emt 0:04:17]} 8. Nf3 {[%emt 0:00:16]} e6 {[%emt 0:01:36]} 9. c4 {[%emt 0:00:35]} N5f6 {[%emt 0:01:49]} 10. Nh4 {[%emt 0:00:40]} Bxb1 {[%emt 0:03:28]} 11. Rxb1 {[%emt 0:01:43]} Bd6 {[%emt 0:00:39]} 12. g3 {[%emt 0:08:09]} O-O {[%emt 0:04:12]} 13. b4 {[%emt 0:02:53]} a6 {[%emt 0:18:57]} 14. a4 {[%emt 0:02:17]} b5 {[%emt 0:01:46]} 15. d5 {[%emt 0:20:12]} exd5 {[%emt 0:09:57]} 16. axb5 {[%emt 0:07:59]} axb5 {[%emt 0:04:54]} 17. Nf5 {[%emt 0:01:36]} Ne5 {[%emt 0:14:58]} 18. cxb5 {[%emt 0:01:24]} cxb5 {[%emt 0:00:45]} 19. Be3 {[%emt 0:03:19]} Ne4 {[%emt 0:11:08]} 20. Qxd5 {[%emt 0:01:11]} Nc3 {[%emt 0:00:27]} 21. Qxd6 {[%emt 0:00:26]} Nxe2+ {[%emt 0:00:02]} 22. Kg2 {[%emt 0:00:26]} Nc4 {[%emt 0:01:28]} 23. Ne7+ {[%emt 0:13:17]} Kh8 {[%emt 0:00:02]} 24. Qxd8 {[%emt 0:00:16]} Rfxd8 {[%emt 0:01:20]} 25. Rbd1 {[%emt 0:02:49]} Nc3 {[%emt 0:03:35]} 26. Rxd8+ {[%emt 0:01:43]} Rxd8 {[%emt 0:00:01]} 27. Bc5 {[%emt 0:02:49]} Rd2 {[%emt 0:04:16]} 28. Re1 {[%emt 0:01:19]} h6 {[%emt 0:01:07]} 29. Nf5 {[%emt 0:01:00]} Rd5 {[%emt 0:04:33]} 30. g4 {[%emt 0:01:55]} Ne5 {[%emt 0:02:01]} 31. h3 {[%emt 0:06:55]} Nd3 {[%emt 0:01:36]} 32. Re8+ {[%emt 0:01:01]} Kh7 {[%emt 0:00:01]} 33. Bd4 {[%emt 0:02:38]} Nf4+ {[%emt 0:00:02]} 34. Kh2 {[%emt 0:01:47]} Nce2 {[%emt 0:01:53]} 35. Be3 {[%emt 0:02:44]} Ng6 {[%emt 0:01:37]} 36. Bxh6 {[%emt 0:02:49]} Nd4 {[%emt 0:00:47]} 37. Bxg7 {[%emt 0:01:23]} Nxf5 {[%emt 0:01:06]} 38. gxf5 {[%emt 0:00:06]} Kxg7 {[%emt 0:00:42]} 39. fxg6 {[%emt 0:00:05]} Rd4 {[%emt 0:01:58]} 40. gxf7 {[%emt 0:00:35]} Kxf7 {[%emt 0:00:01]} 41. Rb8 {[%emt 0:00:16]} Rxb4 {[%emt 0:00:05]} 42. Kg3 {[%emt 0:00:17]} Rb1 {[%emt 0:00:27]} 43. Kf4 {[%emt 0:00:25]} b4 {[%emt 0:00:51]} 44. Kf5 {[%emt 0:00:05]} b3 {[%emt 0:00:20]} 45. Rb7+ {[%emt 0:00:17]} Kg8 {[%emt 0:00:15]} 46. h4 {[%emt 0:01:30]} b2 {[%emt 0:01:40]} 47. h5 {[%emt 0:00:38]} Kf8 {[%emt 0:00:39]} 48. Kf6 {[%emt 0:00:23]} Kg8 {[%emt 0:00:32]} 49. Rb4 {[%emt 0:01:44]} Kh7 {[%emt 0:00:12]} 50. Rb8 {[%emt 0:00:17]} Rh1 {[%emt 0:00:41]} 51. Rxb2 {[%emt 0:00:21]} Rxh5 {[%emt 0:00:03]} 52. f4 {[%emt 0:01:05]} Rh6+ {[%emt 0:00:23]} 53. Kf7 {[%emt 0:00:39]} Rh5 {[%emt 0:00:55]} 54. Rf2 {[%emt 0:01:24]} Rf5+ {[%emt 0:00:02]} 55. Ke6 {[%emt 0:00:01]} Ra5 {[%emt 0:00:27]} 56. Rd2 {[%emt 0:02:04]} Kg7 {[%emt 0:00:44]} 57. Rd7+ {[%emt 0:00:48]} Kf8 {[%emt 0:00:45]} 58. Rd6 {[%emt 0:00:19]} Ra7 {[%emt 0:00:46]} 59. f5 {[%emt 0:00:37]} Re7+ {[%emt 0:00:22]} 60. Kf6 {[%emt 0:00:05]} Rf7+ {[%emt 0:00:13]} 61. Kg5 {[%emt 0:00:48]} Ra7 {[%emt 0:00:49]} 62. Rh6 {[%emt 0:01:20]} Ra2 {[%emt 0:00:44]} 63. Rb6 {[%emt 0:00:22]} Ra7 {[%emt 0:00:25]} 64. Rf6+ {[%emt 0:00:47]} Kg7 {[%emt 0:00:11]} 65. Rg6+ {[%emt 0:00:17]} Kf7 {[%emt 0:00:11]} 66. Rh6 {[%emt 0:00:04]} Ra1 {[%emt 0:00:22]} 67. Rh7+ {[%emt 0:00:22]} Kg8 {[%emt 0:00:33]} 68. Re7 {[%emt 0:00:02]} Kf8 {[%emt 0:01:01]} 69. Re6 {[%emt 0:00:15]} Kf7 {[%emt 0:00:20]} 70. Rf6+ {[%emt 0:00:14]} Kg7 {[%emt 0:00:09]} 71. Rg6+ {[%emt 0:00:36]} Kf7 {[%emt 0:00:06]} 72. Rc6 {[%emt 0:03:06]} Rg1+ {[%emt 0:00:07]} 73. Kh6 {[%emt 0:00:23]} Rf1 {[%emt 0:00:21]} 74. Kg5 {[%emt 0:00:43]} Rg1+ 1/2-1/2

[Event "XI Paracin Festival 2018"]
[Site "Paracin"]
[Date "2018.07.09"]
[Round "4"]
[White "Peng, Shunkai"]
[Black "Kosic, Dragan"]
[Result "1/2-1/2"]
[WhiteElo "2390"]
[BlackElo "2463"]
[Annotator "ChessBase"]
[PlyCount "39"]
[EventDate "2018.07.06"]
[EventType "swiss"]
[EventCountry "SRB"]
[SourceTitle "playchess.com"]
[Source "ChessBase"]
[SourceQuality "1"]
[TimeControl "5400+30"]

1. e4 {[%emt 0:00:00]} e6 {[%emt 0:00:00]} 2. d4 {[%emt 0:01:00]} d5 {[%emt 0:01:37]} 3. Nd2 {[%emt 0:01:43]} c5 {[%emt 0:00:18]} 4. exd5 {[%emt 0:00:18]} Qxd5 {[%emt 0:00:14]} 5. Ngf3 {[%emt 0:00:27]} cxd4 {[%emt 0:00:09]} 6. Bc4 {[%emt 0:00:10]} Qd6 {[%emt 0:00:07]} 7. O-O {[%emt 0:00:27]} Nf6 {[%emt 0:00:05]} 8. Nb3 {[%emt 0:00:17]} Nc6 {[%emt 0:00:09]} 9. Nbxd4 {[%emt 0:00:11]} Nxd4 {[%emt 0:00:08]} 10. Nxd4 {[%emt 0:00:16]} Be7 {[%emt 0:00:09]} 11. c3 {[%emt 0:09:39]} O-O {[%emt 0:00:39]} 12. Qe2 {[%emt 0:02:36]} Bd7 {[%emt 0:00:58]} 13. Bg5 {[%emt 0:01:32]} Qc7 {[%emt 0:04:43]} 14. Bh4 {[%emt 0:02:59]} Nd5 {[%emt 0:05:47]} 15. Bxe7 {[%emt 0:07:59]} Nxe7 {[%emt 0:01:22]} 16. Rfe1 {[%emt 0:00:25]} Rac8 {[%emt 0:01:49]} 17. Bb3 {[%emt 0:00:36]} a6 {[%emt 0:02:12]} 18. Rad1 {[%emt 0:01:56]} Ng6 {[%emt 0:00:18]} 19. Qe4 {[%emt 0:01:36]} Rfd8 {[%emt 0:05:28]} 20. h4 {[%emt 0:08:26]} 1/2-1/2

[Event "XI Paracin Festival 2018"]
[Site "Paracin"]
[Date "2018.07.09"]
[Round "4"]
[White "Brankovic, Dejan"]
[Black "Popovic, Milan S"]
[Result "1/2-1/2"]
[WhiteElo "2377"]
[BlackElo "2264"]
[Annotator "NA"]
[PlyCount "56"]
[EventDate "2018.07.06"]
[EventType "swiss"]
[EventCountry "SRB"]
[SourceTitle "playchess.com"]
[Source "ChessBase"]
[SourceQuality "1"]
[TimeControl "5400+30"]

1. e4 {[%emt 0:00:00]} d6 {[%emt 0:00:00]} 2. d4 {[%emt 0:00:04]} Nf6 {[%emt 0:00:00]} 3. Nc3 {[%emt 0:00:14]} e5 {[%emt 0:00:00]} 4. dxe5 {[%emt 0:01:57]} dxe5 {[%emt 0:00:00]} 5. Qxd8+ {[%emt 0:00:08]} Kxd8 {[%emt 0:00:00]} 6. Bg5 {[%emt 0:00:23]} c6 {[%emt 0:00:04]} 7. O-O-O+ {[%emt 0:01:14]} Ke8 {[%emt 0:00:08]} 8. Nf3 {[%emt 0:01:32]} Nbd7 {[%emt 0:00:24]} 9. Bh4 {[%emt 0:01:17]} Bb4 {[%emt 0:02:32]} 10. Bc4 {[%emt 0:00:16]} Ba5 {[%emt 0:04:56]} 11. a3 {[%emt 0:02:19]} Bc7 {[%emt 0:06:48]} 12. Nd2 {[%emt 0:18:04]} Nf8 {[%emt 0:38:28]} 13. f3 {[%emt 0:10:29]} Ng6 {[%emt 0:03:41]} 14. Bf2 {[%emt 0:02:13]} Nd7 {[%emt 0:13:08]} 15. h4 {[%emt 0:30:49]} h5 {[%emt 0:02:24]} 16. Nf1 {[%emt 0:02:02]} Bb6 {[%emt 0:01:43]} 17. Bxb6 {[%emt 0:00:45]} Nxb6 {[%emt 0:00:31]} 18. Ba2 {[%emt 0:04:21]} Nf8 {[%emt 0:05:05]} 19. Ne3 {[%emt 0:00:26]} g6 {[%emt 0:00:41]} 20. Nb1 {[%emt 0:06:37]} Ke7 {[%emt 0:02:28]} 21. Nd2 {[%emt 0:00:48]} f6 {[%emt 0:00:40]} 22. Kb1 {[%emt 0:01:22]} Be6 {[%emt 0:02:40]} 23. Bxe6 {[%emt 0:01:31]} Nxe6 {[%emt 0:00:07]} 24. Nb3 {[%emt 0:00:12]} a5 {[%emt 0:02:53]} 25. Rd2 {[%emt 0:01:55]} a4 {[%emt 0:01:43]} 26. Nc1 {[%emt 0:00:05]} Rhd8 {[%emt 0:01:26]} 27. Rhd1 {[%emt 0:01:04]} Rxd2 {[%emt 0:01:29]} 28. Rxd2 {[%emt 0:00:06]} Nc5 {[%emt 0:01:08]} 1/2-1/2

[Event "XI Paracin Festival 2018"]
[Site "Paracin"]
[Date "2018.07.09"]
[Round "4"]
[White "Wadsworth, Matthew J"]
[Black "Damljanovic, Branko"]
[Result "1-0"]
[WhiteElo "2377"]
[BlackElo "2508"]
[Annotator "ChessBase"]
[PlyCount "131"]
[EventDate "2018.07.06"]
[EventType "swiss"]
[EventCountry "SRB"]
[SourceTitle "playchess.com"]
[Source "ChessBase"]
[SourceQuality "1"]
[TimeControl "5400+30"]

1. c4 {[%emt 0:00:00]} e5 {[%emt 0:05:25]} 2. g3 {[%emt 0:01:30]} Nf6 {[%emt 0:00:09]} 3. Bg2 {[%emt 0:00:05]} c6 {[%emt 0:03:29]} 4. d4 {[%emt 0:00:23]} e4 {[%emt 0:00:07]} 5. Nc3 {[%emt 0:02:46]} d5 {[%emt 0:00:11]} 6. cxd5 {[%emt 0:00:56]} cxd5 {[%emt 0:00:02]} 7. Bg5 {[%emt 0:00:11]} Bb4 {[%emt 0:00:07]} 8. Rc1 {[%emt 0:07:33]} Nc6 {[%emt 0:02:29]} 9. Nh3 {[%emt 0:00:53]} Bxh3 {[%emt 0:04:35]} 10. Bxh3 {[%emt 0:00:58]} h6 {[%emt 0:01:03]} 11. Bxf6 {[%emt 0:01:56]} Qxf6 {[%emt 0:00:02]} 12. O-O {[%emt 0:00:12]} Rd8 {[%emt 0:01:06]} 13. e3 {[%emt 0:02:06]} O-O {[%emt 0:20:59]} 14. Qb3 {[%emt 0:07:12]} Qd6 {[%emt 0:04:56]} 15. Na4 {[%emt 0:02:29]} Na5 {[%emt 0:01:34]} 16. Qd1 {[%emt 0:02:40]} Nc4 {[%emt 0:03:44]} 17. a3 {[%emt 0:03:00]} Ba5 {[%emt 0:02:09]} 18. Nc5 {[%emt 0:02:33]} Qe7 {[%emt 0:06:08]} 19. Rc2 {[%emt 0:00:45]} b6 {[%emt 0:06:11]} 20. Nb3 {[%emt 0:01:35]} f5 {[%emt 0:02:55]} 21. Qh5 {[%emt 0:07:36]} Qe6 {[%emt 0:15:37]} 22. Rfc1 {[%emt 0:01:43]} Kh7 {[%emt 0:04:31]} 23. Nxa5 {[%emt 0:03:54]} Nxa5 {[%emt 0:01:14]} 24. Rc7 {[%emt 0:03:21]} Rd7 {[%emt 0:03:17]} 25. Bf1 {[%emt 0:03:15]} g6 {[%emt 0:04:59]} 26. Qd1 {[%emt 0:00:10]} Rxc7 {[%emt 0:00:07]} 27. Rxc7+ {[%emt 0:00:30]} Rf7 {[%emt 0:00:05]} 28. Qc2 {[%emt 0:02:07]} Kg7 {[%emt 0:03:00]} 29. Rc3 {[%emt 0:05:36]} Nb7 {[%emt 0:01:01]} 30. Rc6 {[%emt 0:01:01]} Qe7 {[%emt 0:00:12]} 31. b4 {[%emt 0:03:40]} Qd7 {[%emt 0:02:09]} 32. b5 {[%emt 0:08:42]} Nd6 {[%emt 0:00:14]} 33. Qb3 {[%emt 0:00:49]} Ne8 {[%emt 0:00:03]} 34. Be2 {[%emt 0:04:55]} Qd8 {[%emt 0:00:34]} 35. Qc3 {[%emt 0:00:59]} Qd7 {[%emt 0:00:46]} 36. a4 {[%emt 0:00:29]} Nf6 {[%emt 0:00:41]} 37. a5 {[%emt 0:01:25]} bxa5 {[%emt 0:00:02]} 38. Qxa5 {[%emt 0:00:05]} g5 {[%emt 0:00:07]} 39. Qa6 {[%emt 0:07:59]} f4 {[%emt 0:01:38]} 40. gxf4 {[%emt 0:00:20]} gxf4 {[%emt 0:00:16]} 41. Qc8 {[%emt 0:00:01]} f3 {[%emt 0:00:38]} 42. Qxd7 {[%emt 0:01:27]} Rxd7 {[%emt 0:00:09]} 43. Bf1 {[%emt 0:00:03]} Kf7 {[%emt 0:00:33]} 44. Bh3 {[%emt 0:00:32]} Rb7 {[%emt 0:00:05]} 45. Rc5 {[%emt 0:00:13]} Ke7 {[%emt 0:00:24]} 46. Bc8 {[%emt 0:00:50]} Rb8 {[%emt 0:00:16]} 47. h3 {[%emt 0:00:27]} h5 {[%emt 0:02:50]} 48. h4 {[%emt 0:02:32]} Rb6 {[%emt 0:00:16]} 49. Kh2 {[%emt 0:00:29]} Kd6 {[%emt 0:00:44]} 50. Bf5 {[%emt 0:05:46]} a6 {[%emt 0:00:32]} 51. bxa6 {[%emt 0:00:20]} Rxa6 {[%emt 0:00:00]} 52. Rc2 {[%emt 0:00:19]} Ra1 {[%emt 0:00:04]} 53. Rb2 {[%emt 0:01:05]} Ra7 {[%emt 0:01:23]} 54. Rb6+ {[%emt 0:00:49]} Ke7 {[%emt 0:00:00]} 55. Kg3 {[%emt 0:00:46]} Ra2 {[%emt 0:00:24]} 56. Rb7+ {[%emt 0:00:46]} Kf8 {[%emt 0:00:01]} 57. Be6 {[%emt 0:01:15]} Ke8 {[%emt 0:00:02]} 58. Rb5 {[%emt 0:00:34]} Ra1 {[%emt 0:00:20]} 59. Bxd5 {[%emt 0:00:52]} Rg1+ {[%emt 0:01:08]} 60. Kf4 {[%emt 0:00:01]} Rg2 {[%emt 0:00:06]} 61. Bxe4 {[%emt 0:01:18]} Rg4+ {[%emt 0:02:06]} 62. Kf5 {[%emt 0:00:01]} Nxe4 {[%emt 0:00:30]} 63. Re5+ {[%emt 0:00:02]} Kd7 {[%emt 0:00:07]} 64. Rxe4 {[%emt 0:00:03]} Rg2 {[%emt 0:00:02]} 65. Rf4 {[%emt 0:00:45]} Rxf2 {[%emt 0:00:01]} 66. Ke4 {[%emt 0:00:08]} 1-0

[Event "XI Paracin Festival 2018"]
[Site "Paracin"]
[Date "2018.07.09"]
[Round "4"]
[White "Tomic, Aleksandar"]
[Black "Bratkovic, Jakob"]
[Result "1-0"]
[WhiteElo "2347"]
[BlackElo "2253"]
[Annotator "NA"]
[PlyCount "81"]
[EventDate "2018.07.06"]
[EventType "swiss"]
[EventCountry "SRB"]
[SourceTitle "playchess.com"]
[Source "ChessBase"]
[SourceQuality "1"]
[TimeControl "5400+30"]

1. d4 {[%emt 0:00:09]} Nf6 {[%emt 0:03:11]} 2. Bg5 {[%emt 0:01:07]} e6 {[%emt 0:00:06]} 3. e4 {[%emt 0:00:22]} h6 {[%emt 0:00:07]} 4. Bxf6 {[%emt 0:00:11]} Qxf6 {[%emt 0:00:12]} 5. c3 {[%emt 0:00:38]} d6 {[%emt 0:00:20]} 6. Bd3 {[%emt 0:00:14]} g6 {[%emt 0:00:36]} 7. Ne2 {[%emt 0:00:26]} e5 {[%emt 0:00:07]} 8. O-O {[%emt 0:00:30]} Bg7 {[%emt 0:00:15]} 9. f4 {[%emt 0:01:46]} Qe7 {[%emt 0:00:06]} 10. f5 {[%emt 0:10:04]} O-O {[%emt 0:07:14]} 11. Kh1 {[%emt 0:08:46]} Nd7 {[%emt 0:18:56]} 12. Nd2 {[%emt 0:18:59]} exd4 {[%emt 0:17:22]} 13. cxd4 {[%emt 0:02:04]} c5 {[%emt 0:00:45]} 14. fxg6 {[%emt 0:05:43]} fxg6 {[%emt 0:00:47]} 15. Qb3+ {[%emt 0:02:31]} Kh7 {[%emt 0:02:18]} 16. e5 {[%emt 0:03:58]} cxd4 {[%emt 0:04:07]} 17. Bxg6+ {[%emt 0:02:13]} Kh8 {[%emt 0:00:47]} 18. Nxd4 {[%emt 0:01:45]} Qg5 {[%emt 0:10:00]} 19. Qc2 {[%emt 0:05:06]} Rxf1+ {[%emt 0:04:00]} 20. Rxf1 {[%emt 0:00:13]} Nxe5 {[%emt 0:00:13]} 21. Bf5 {[%emt 0:05:16]} Bxf5 {[%emt 0:05:06]} 22. Nxf5 {[%emt 0:00:33]} d5 {[%emt 0:09:14]} 23. h4 {[%emt 0:18:05]} Qf6 {[%emt 0:05:44]} 24. Qb3 {[%emt 0:01:55]} Nc4 {[%emt 0:02:34]} 25. Qxb7 {[%emt 0:01:24]} Rg8 {[%emt 0:03:29]} 26. Qxd5 {[%emt 0:01:13]} Rd8 {[%emt 0:01:42]} 27. Qxc4 {[%emt 0:00:23]} Rxd2 {[%emt 0:00:07]} 28. b4 {[%emt 0:03:30]} Qg6 {[%emt 0:02:40]} 29. Qc8+ {[%emt 0:00:40]} Kh7 {[%emt 0:00:15]} 30. Qb7 {[%emt 0:00:23]} Qf6 {[%emt 0:00:47]} 31. Qxa7 {[%emt 0:00:42]} Rd1 {[%emt 0:00:42]} 32. Rxd1 {[%emt 0:00:29]} Qxf5 {[%emt 0:00:04]} 33. Qe3 {[%emt 0:00:57]} Qg4 {[%emt 0:00:48]} 34. Qd3+ {[%emt 0:00:33]} Kh8 {[%emt 0:00:05]} 35. Qd8+ {[%emt 0:00:33]} Kh7 {[%emt 0:00:03]} 36. b5 {[%emt 0:00:17]} Kg6 {[%emt 0:00:48]} 37. b6 {[%emt 0:00:39]} Kh5 {[%emt 0:00:10]} 38. b7 {[%emt 0:00:54]} Be5 {[%emt 0:00:04]} 39. Qe8+ {[%emt 0:01:31]} Kxh4 {[%emt 0:00:20]} 40. Qxe5 {[%emt 0:00:25]} Qxd1+ {[%emt 0:00:05]} 41. Kh2 {[%emt 0:00:06]} 1-0

[Event "XI Paracin Festival 2018"]
[Site "Paracin"]
[Date "2018.07.09"]
[Round "4"]
[White "Nestorovic, Dejan"]
[Black "Ikeda, Junta"]
[Result "0-1"]
[WhiteElo "2341"]
[BlackElo "2437"]
[Annotator "TA"]
[PlyCount "52"]
[EventDate "2018.07.06"]
[EventType "swiss"]
[EventCountry "SRB"]
[SourceTitle "playchess.com"]
[Source "ChessBase"]
[SourceQuality "1"]

{[%evp 15,52,29,27,25,34,5,57,50,53,52,48,55,46,25,27,0,0,-4,0,0,0,5,39,33,61,65,114,31,36,35,62,-335,-330,-319,-320,-303,-24,-457,-460]} 1. d4 f5 2. g3 Nf6 3. Bg2 g6 4. c4 Bg7 5. Nc3 O-O 6. Nh3 Nc6 7. O-O {A86: Dutch Defence: Leningrad System: Unusual lines and 5 Nh3} e6 8. d5 Ne5 {LiveBook: 8 Games} 9. Qb3 {White has an edge.} (9. b3 Nf7 10. Ba3 Re8 11. dxe6 dxe6 12. Qc2 c6 13. Rad1 Qa5 14. Bb2 e5 {½-½ (44) Wang,Y (2723)-Ponomariov,R (2731) Beijing 2013}) 9... Nf7 10. e4 $146 ({Predecessor:} 10. dxe6 dxe6 11. Be3 c6 12. Qa3 e5 13. Na4 Ng4 14. Bc5 Re8 {½-½ (64) Jacimovic,D (2400)-Norri,J (2375) Moscow 1994}) 10... e5 (10... Nxe4 $11 11. Nxe4 fxe4) 11. exf5 $14 gxf5 12. Ng5 Nxg5 13. Bxg5 d6 14. f4 e4 15. g4 h6 16. gxf5 Bxf5 17. Bh4 Qe8 18. Rae1 e3 19. Nb5 Qh5 20. Bxf6 e2 21. Rf3 (21. Bxg7 $16 exf1=R+ 22. Rxf1 Kxg7 23. Nxc7) 21... Rxf6 22. Nxc7 Rg6 23. Qe3 $2 {[%mdl 8192] [#]} (23. Nxa8 $2 {is the wrong capture.} Bd4+ 24. Kh1 {[#]} Rxg2 $1 $19 {[%mdl 512]}) (23. Kh1 $14 Rc8 24. Ne6) 23... Bd4 $1 $19 {[%mdl 512]} 24. Qxd4 Qxf3 $1 {[%csl Gg6][%cal Rf3g2]} 25. Qf2 Be4 $2 (25... Qd3 $19 26. Qxe2 Rc8 27. Qxd3 Bxd3) 26. Rxe2 $2 {[%mdl 8192]} (26. Qxf3 $11 Bxf3 27. Kf2) 26... Rc8 {Precision: White = 35%, Black = 40%.} 0-1

[Event "XI Paracin Festival 2018"]
[Site "Paracin"]
[Date "2018.07.09"]
[Round "4"]
[White "Kulkarni, Chinmay"]
[Black "Eswaran, Ashritha"]
[Result "1-0"]
[WhiteElo "2336"]
[BlackElo "2092"]
[Annotator "NA"]
[PlyCount "69"]
[EventDate "2018.07.06"]
[EventType "swiss"]
[EventCountry "SRB"]
[SourceTitle "playchess.com"]
[Source "ChessBase"]
[SourceQuality "1"]
[TimeControl "5400+30"]

1. e4 {[%emt 0:00:00]} c5 {[%emt 0:00:00]} 2. Nf3 {[%emt 0:00:00]} d6 {[%emt 0:00:15]} 3. d4 {[%emt 0:00:00]} cxd4 {[%emt 0:00:15]} 4. Nxd4 {[%emt 0:00:00]} Nf6 {[%emt 0:00:09]} 5. Nc3 {[%emt 0:00:00]} g6 {[%emt 0:00:22]} 6. Be3 {[%emt 0:00:10]} Bg7 {[%emt 0:00:10]} 7. f3 {[%emt 0:00:08]} Nc6 {[%emt 0:00:38]} 8. Qd2 {[%emt 0:00:06]} O-O {[%emt 0:00:21]} 9. O-O-O {[%emt 0:00:09]} d5 {[%emt 0:00:44]} 10. Nxc6 {[%emt 0:00:23]} bxc6 {[%emt 0:00:09]} 11. Bh6 {[%emt 0:00:06]} Rb8 {[%emt 0:07:01]} 12. h4 {[%emt 0:03:16]} Qb6 {[%emt 0:04:15]} 13. b3 {[%emt 0:05:04]} Bxh6 {[%emt 0:14:33]} 14. Qxh6 {[%emt 0:00:32]} Qc5 {[%emt 0:00:09]} 15. Kb2 {[%emt 0:00:45]} dxe4 {[%emt 0:03:08]} 16. Qg5 {[%emt 0:01:04]} Qxg5 {[%emt 0:05:45]} 17. hxg5 {[%emt 0:00:07]} Nd5 {[%emt 0:00:07]} 18. Nxe4 {[%emt 0:02:53]} Bf5 {[%emt 0:04:12]} 19. Re1 {[%emt 0:01:10]} Rfe8 {[%emt 0:10:44]} 20. Nc5 {[%emt 0:07:50]} Rbd8 {[%emt 0:05:06]} 21. g4 {[%emt 0:01:39]} Bc8 {[%emt 0:00:35]} 22. Bc4 {[%emt 0:01:35]} Kg7 {[%emt 0:01:34]} 23. Re2 {[%emt 0:07:56]} Nb6 {[%emt 0:08:25]} 24. Bxf7 {[%emt 0:11:21]} Kxf7 {[%emt 0:02:43]} 25. Rxh7+ {[%emt 0:00:07]} Kf8 {[%emt 0:00:17]} 26. Reh2 {[%emt 0:00:22]} e5 {[%emt 0:00:28]} 27. Rxa7 {[%emt 0:00:18]} Nd7 {[%emt 0:06:10]} 28. Rh7 {[%emt 0:02:16]} Kg8 {[%emt 0:07:11]} 29. Nxd7 {[%emt 0:01:11]} Bxd7 {[%emt 0:00:22]} 30. Raxd7 {[%emt 0:00:48]} Rxd7 {[%emt 0:00:24]} 31. Rxd7 {[%emt 0:00:10]} e4 {[%emt 0:00:03]} 32. fxe4 {[%emt 0:00:19]} Rxe4 {[%emt 0:00:09]} 33. Rd6 {[%emt 0:00:13]} Kg7 {[%emt 0:00:14]} 34. Rxc6 {[%emt 0:00:07]} Rxg4 {[%emt 0:00:05]} 35. Rc5 {[%emt 0:00:06]} 1-0